Normal view
MARC view
- WALKER, JEFF GARMANY JOHN
Entry Personal Name
001 - CONTROL NUMBER
- control field: 89227
003 - CONTROL NUMBER IDENTIFIER
- control field: NUST
005 - DATE AND TIME OF LATEST TRANSACTION
- control field: 20220218153355.0
008 - FIXED-LENGTH DATA ELEMENTS
- fixed length control field: 220218|| aca||aabn | a|a d
040 ## - CATALOGING SOURCE
- Original cataloging agency: NUST
- Transcribing agency: NUST
100 ## - HEADING--PERSONAL NAME
- Personal name: WALKER, JEFF GARMANY JOHN
670 ## - SOURCE DATA FOUND
- Source citation: Work cat.: (NUST): WALKER, JEFF GARMANY JOHN., LOGICAL DATA BASE DESIGN /, 2005.
